000 00812nam a2200265Ia 4500
003 OSt
005 20220928120736.0
006 a|||||r|||| 00| 0
007 ta
008 220927b |||||||| |||| 00| 0 eng d
020 _c3064.5999999999999
024 _a116114
037 _b2135, 10/08/2012, Vibha Book International
_cTextual
040 _aSDCL
_cSDCL
_beng
041 _2eng
_aeng
082 _aS2:73:(T), Q1
100 _aShapiro Edward S
_9450864
245 0 _aAcademic skills problems
_b Direct assessment and intervention.
250 _a4
260 _aNew York
_b Guilford Press
_c2011
300 _axii,447p
_ccm.
650 _aPsychology
942 _hS2:73:(T), Q1
_cTEXL
_2CC
999 _c765007
_d765007